Finance <An> Introduction
Uložené v:
| Hlavný autor: | |
|---|---|
| Médium: | Kniha |
| Jazyk: | English |
| Vydavateľské údaje: |
Fort Worth
Dryden Press
1992
|
| Vydanie: | 4. ed. |
| Predmet: | |
| Tagy: |
Žiadne tagy, Buďte prvý, kto otaguje tento záznam!
|
MARC
| LEADER | 00000nam a2200000 4500 | ||
|---|---|---|---|
| 001 | c009604 | ||
| 005 | 20221206083119.1 | ||
| 020 | |a 0-03-055018-1 | ||
| 041 | 0 | |a eng | |
| 044 | |a US | ||
| 245 | 1 | 0 | |a Finance |b <An> Introduction |c Herbert B. Mayo |
| 250 | |a 4. ed. | ||
| 264 | 1 | |a Fort Worth |b Dryden Press |c 1992 | |
| 300 | |a 829 s. | ||
| 610 | 2 | 0 | |a financie |
| 610 | 2 | 0 | |a investície |
| 610 | 2 | 0 | |a financie medzinárodné |
| 610 | 2 | 0 | |a spoločnosti finančné |
| 610 | 2 | 0 | |a štúdie prípadové |
| 100 | 1 | |a Mayo, Herbert B. | |